000 00389pab a2200157 454500
008 180718b2004 xxu||||| |||| 00| 0 eng d
100 _aChand, Himal
245 _aIndia post: challenges and opportunities
260 _c2004
300 _ap.63-78.
362 _aSep
650 _aPostal services - India
650 _aPostal services
773 _aMan and Development
909 _a62841
999 _c62841
_d62841